| 000 | 00685nam a2200229 4500 | ||
|---|---|---|---|
| 001 | 56408 | ||
| 003 | BD-RjUL | ||
| 005 | 20211209080406.0 | ||
| 008 | 161129b1968 enk||||| |||| 001 0 eng d | ||
| 035 | _a(BD-RjUL)56532 | ||
| 040 |
_aBD-RjUL _beng _cBD-RjUL _dBD-RjUL |
||
| 041 | _aeng | ||
| 082 |
_223 _a912.09 _bCRM 1968 |
||
| 100 |
_aCrone, G. R. _9159027 |
||
| 245 |
_aMaps and their makers : _ban introduction to the history of cartography / _cG.R. Crone |
||
| 250 | _a4th ed. | ||
| 260 |
_aLondon : _bHutchinson University company, _c1968. |
||
| 300 |
_a184 p. _c22 cm. |
||
| 500 | _aIncludes Index | ||
| 650 |
_aCartography _xHistory. _9155310 |
||
| 942 |
_2ddc _cBK |
||
| 999 |
_c56408 _d56408 |
||